000 00353nam a2200145Ia 4500
005 20251222144810.0
008 251222s9999||||xx |||||||||||||| ||spa||
020 _a84-7615-196-9
082 _a658.15/B82
100 _aBrealey, Richard A.
245 0 _aPrincipios de Finanzas Corporativas
250 _a2a.ed.
264 _bMcGraw-Hill
942 _cLIB
999 _c20078
_d20078